Perpisahan tanpa rela (Record no. 159528)

MARC details
000 -LEADER
fixed length control field 00734nam a2200265 i 4500
001 - CONTROL NUMBER
control field C2-0215817
003 - CONTROL NUMBER IDENTIFIER
control field PPAK
005 - DATE AND TIME OF LATEST TRANSACTION
control field 20180728104414.0
008 - FIXED-LENGTH DATA ELEMENTS--GENERAL INFORMATION
fixed length control field 990504s1997 my a|||| ||||| | may d
020 ## - INTERNATIONAL STANDARD BOOK NUMBER
International Standard Book Number 9838035432
040 ## - CATALOGING SOURCE
Original cataloging agency PPAK
Language of cataloging eng
Transcribing agency PPAK
Description conventions rda
082 04 - DEWEY DECIMAL CLASSIFICATION NUMBER
Classification number 899.233
Edition number 23
090 00 - LOCALLY ASSIGNED LC-TYPE CALL NUMBER (OCLC); LOCAL CALL NUMBER (RLIN)
Classification number (OCLC) (R) ; Classification number, CALL (RLIN) (NR) 899.233
Feature heading NUR
Feature heading K
100 0# - MAIN ENTRY--PERSONAL NAME
Personal name Nurakhmar Mohd.,
Relator term author
245 10 - TITLE STATEMENT
Title Perpisahan tanpa rela
264 #1 - PRODUCTION, PUBLICATION, DISTRIBUTION, MANUFACTURE, AND COPYRIGHT NOTICE
Place of production, publication, distribution, manufacture Petaling Jaya, Selangor :
Name of producer, publisher, distributor, manufacturer Setiamas ,
Date of production, publication, distribution, manufacture, or copyright notice 1997
300 ## - PHYSICAL DESCRIPTION
Extent 75 pages :
Other physical details illustrations ;
Dimensions 19 cm
336 ## - CONTENT TYPE
Source rdacontent
Content type term text
337 ## - MEDIA TYPE
Source rdamedia
Media type term unmediated
338 ## - CARRIER TYPE
Source rdacarrier
Carrier type term volume
490 1# - SERIES STATEMENT
Series statement Siri novel mercu
650 10 - SUBJECT ADDED ENTRY--TOPICAL TERM
Topical term or geographic name entry element Children's stories, Malay
830 #0 - SERIES ADDED ENTRY--UNIFORM TITLE
Uniform title Siri novel mercu
942 ## - ADDED ENTRY ELEMENTS (KOHA)
-- dc
Koha item type Book
Holdings
Withdrawn Not for loan Current library Shelving location Date acquired Full call number Barcode Date last seen Koha item type
    Perpustakaan Alor Setar Pinjaman Kanak-kanak 04/05/1999 K 899.233 NUR A00253410 01/06/2018 Book
    Perpustakaan Yan Pinjaman Kanak-kanak 04/05/1999 K 899.233 NUR A00253417 01/06/2018 Book
    Bergerak 1, Alor Setar Pinjaman Kanak-kanak 04/05/1999 K 899.233 NUR A00253418 01/06/2018 Book
    Bergerak 3, Baling Pinjaman Kanak-kanak 04/05/1999 K 899.233 NUR A00253420 01/06/2018 Book
    Bergerak 4, Sungai Petani Pinjaman Kanak-kanak 04/05/1999 K 899.233 NUR A00253421 01/06/2018 Book
    Bergerak 5, Kulim Pinjaman Kanak-kanak 04/05/1999 K 899.233 NUR A00253424 01/06/2018 Book